Kendrick Lamar's 50 Most Streamed Songs - Statistics

General Stats
  • This quiz has been taken 60 times
  • The average score is 32 of 50
Answer Stats
# Song EAS Album Features % Correct
5 All The Stars 3,563,000 Black Panther: The Album SZA
98%
2 HUMBLE. 5,258,000 DAMN. -
98%
1 Goosebumps 5,620,000 Other Travis Scott
94%
7 LOVE. 2,766,000 DAMN. Zacari
94%
3 Money Trees 3,748,000 good kid, m.A.A.d city Jay Rock
92%
8 DNA. 2,370,000 DAMN. -
88%
17 Luther 1,459,000 GNX SZA
85%
10 Alright 2,025,000 To Pimp A Butterfly -
83%
12 m.A.A.d city 1,836,000 good kid, m.A.A.d city -
81%
19 LOYALTY. 1,405,000 DAMN. Rihanna
77%
4 Bad Blood 3,713,000 Other Taylor Swift
75%
18 Poetic Justice 1,448,000 good kid, m.A.A.d city Drake
75%
33 DUCKWORTH. 526,000 DAMN. -
73%
15 PRIDE. 1,566,000 DAMN. -
73%
9 Bitch, Don't Kill My Vibe 2,245,000 good kid, m.A.A.d city -
69%
48 LUST. 353,000 DAMN. -
69%
14 Not Like Us 1,597,000 Single -
69%
39 Wesley's Theory 460,000 To Pimp a Butterfly George Clinton, Thundercat
69%
23 TV Off 990,000 GNX Lefty Gunplay
67%
38 X 475,000 Black Panther: The Album 2 Chainz, Saudi, ScHoolboy Q
67%
22 Backseat Freestyle 1,025,000 good kid, m.A.A.d city -
65%
20 Family Ties 1,288,000 Other Baby Keem
65%
16 King Kunta 1,555,000 To Pimp A Butterfly -
65%
24 Like That 947,000 Other Future, Metro Boomin
65%
35 XXX 508,000 DAMN. U2
65%
45 FEAR. 376,000 DAMN. -
62%
13 Pray For Me 1,661,000 Black Panther: The Album The Weeknd
62%
6 Swimming Pools (Drank) 3,305,000 good kid, m.A.A.d city -
62%
28 A.D.H.D. 835,000 Section.80 -
60%
27 ELEMENT. 866,000 DAMN. -
60%
26 i 878,000 To Pimp A Butterfly -
60%
25 N95 886,000 Mr. Morale & the Big Steppers -
60%
29 Squabble Up 775,000 GNX -
60%
40 These Walls 437,000 To Pimp a Butterfly Anna Wise, Bilal, Thundercat
60%
34 United In Grief 521,000 Mr. Morale & the Big Steppers -
60%
49 Father Time 351,000 Mr. Morale & the Big Steppers Sampha
58%
43 YAH. 392,000 DAMN. -
58%
36 Count Me Out 485,000 Mr. Morale & the Big Steppers -
56%
42 FEEL. 396,000 DAMN. -
56%
31 Die Hard 639,000 Mr. Morale & the Big Steppers Amanda Reifer, Blxs
54%
21 King's Dead 1,132,000 Black Panther: The Album Future, James Blake, Jay Rock
54%
41 Sing About Me, I'm Dying Of Thirst 437,000 good kid, m.A.A.d city -
50%
37 Euphoria 485,000 Single -
46%
47 Untitled 02 | 06.23.2014. 355,000 Untitled Unmastered -
44%
32 Rich Spirit 553,000 Mr. Morale & the Big Steppers -
42%
30 The Recipe 663,000 good kid, m.A.A.d city Dr. Dre
42%
44 Untitled 07 | 2014 - 2016 376,000 Untitled Unmastered -
42%
46 Big Shot 362,000 Black Panther: The Album Travis Scott
35%
11 Don't Wanna Know 2,005,000 Other Maroon 5
35%
50 Paramedic! 349,000 Black Panther: The Album -
13%
No matching quizzes found
Score Distribution
Percent of People with Each Score
Percentile by Number Answered
Your Score History
You have not taken this quiz